000 00774nam a2200217Ii 4500
003 JO-AjNU
008 230605s9999||||xx |||||||||||||| ||und||
017 _a2003/3/399
040 _aJO-AjNU
_bara
_erda
_cJO-AjNU
041 _aara
050 1 4 _aZ3471.A54 2003
100 3 _aالاخرس، محمود ,
_eauthor
_949030
245 0 0 _aالببلوغرافيا الاردنية الفلسطنية في القرن العشرين 1900-1978
264 3 1 _aعمان: وزارة الثقافة،2003
300 _a672ص
336 _atext
_btxt
_2rdacontent
337 _aunmediated
_bn
_2rdamedia
338 _avolume
_bnc
_2rdacarrier
490 0 _aسلسلة كتب ثقافية
650 4 _aاالببلبوغرافيا الوطنية -الاردن-فلسطين
_949031
999 _aA21510
_c25078
_d25078